Statistiken für Geographische Extreme Quiz

Klicken Sie hier um das Quiz zu spielen!

Allgemein

  • Dieses Quiz wurde 2,212 mal gespielt
  • Das Durchschnittsergebnis liegt bei 16 aus 26

Antwortstatistiken

Kategorie Extremum % Korrekt
Höchster BergMt. Everest
97%
Höchster Berg (Deutschland)Zugspitze
91%
Größte TrockenwüsteSahara
90%
Größte Insel (Afrika)Madagaskar
88%
Längster Fluss (umstritten)Nil
87%
Größter CanyonGrand Canyon
86%
Höchster Berg (Afrika)Kilimandscharo
83%
Längster Fluss (umstritten)Amazonas
82%
Größte Insel (Karibik)Kuba
78%
Größte Insel (ohne Kontinente)Grönland
74%
Längster Fluss (Europa)Wolga
74%
Längster Fluss (Nordamerika)Mississippi
74%
Größte Insel (Mittelmeer)Sizilien
73%
Größter WasserfallNiagarafälle
73%
Tiefster TiefseegrabenMarianengraben
60%
Größter Süßwassersee (Volumen)Baikalsee
49%
Größter See (Oberfläche)Kaspisches Meer
46%
Höchster See (schiffbar)Titicacasee
42%
Längster Fluss (Asien)Jangtsekiang
40%
Höchster Berg (Nordamerika)Denali
39%
Tiefster Punkt (Nordamerika)Death Valley
38%
Tiefstgelegener SeeTotes Meer
36%
Trockenste WüsteAtacama
31%
Höchster WasserfallSalto Ángel
25%
Größter Süßwassersee (Oberfläche)Oberer See
21%
Höchster Berg (Fuß bis Gipfel)Mauna Kea
19%

Verteilung der Resultate

Perzentil nach korrekt beantworteten Fragen

Anzahl Personen mit jedem Resultat

Ihre Resultats-Entwicklung

Sie haben dieses Quiz noch nicht gespielt